Motion and time study: principles and practice / (Record no. 75951)
[ view plain ]
| 000 -LEADER | |
|---|---|
| fixed length control field | 00771nam a2200265 a 4500 |
| 001 - CONTROL NUMBER | |
| control field | 75951 |
| 003 - CONTROL NUMBER IDENTIFIER | |
| rucl marc code | BD-RjUL |
| 005 - DATE AND TIME OF LATEST TRANSACTION | |
| control field | 20211209082751.0 |
| 008 - FIXED-LENGTH DATA ELEMENTS--GENERAL INFORMATION | |
| fixed length control field | 821209s1960 njua 000 0 eng |
| 035 ## - SYSTEM CONTROL NUMBER | |
| System control number | (BD-RjUL)76170 |
| 040 ## - CATALOGING SOURCE | |
| Original cataloging agency | DLC |
| Transcribing agency | CarP |
| Modifying agency | DLC |
| -- | BD-RjUL |
| Language of cataloging | eng |
| 041 ## - LANGUAGE CODE | |
| Language code of text/sound track or separate title | eng |
| 082 ## - DEWEY DECIMAL CLASSIFICATION NUMBER | |
| Edition number | 23 |
| Classification number | 658.542 |
| Author mark and year | MUM 1960 |
| 100 1# - MAIN ENTRY--PERSONAL NAME | |
| Personal name | Mundel, Marvin Everett, |
| Dates associated with a name | 1916- |
| 9 (RLIN) | 233097 |
| 245 10 - TITLE STATEMENT | |
| Title | Motion and time study: principles and practice / |
| Statement of responsibility, etc. | Marvin E. Mundel. |
| 250 ## - EDITION STATEMENT | |
| Edition statement | 3d ed. |
| 260 ## - PUBLICATION, DISTRIBUTION, ETC. (IMPRINT) | |
| Place of publication, distribution, etc. | Englewood Cliffs, N.J.: |
| Name of publisher, distributor, etc. | Prentice-Hall, |
| Date of publication, distribution, etc. | 1960. |
| 300 ## - PHYSICAL DESCRIPTION | |
| Pagination | 690 p.: |
| Illustrations | illus., |
| Size | 23 cm. |
| 650 #0 - SUBJECT ADDED ENTRY--TOPICAL TERM | |
| Topical term or geographic name as entry element | Job analysis. |
| 9 (RLIN) | 233098 |
| Topical term or geographic name as entry element | Motion study |
| 9 (RLIN) | 233099 |
| Topical term or geographic name as entry element | Time study |
| 9 (RLIN) | 233100 |
| 942 ## - ADDED ENTRY ELEMENTS (KOHA) | |
| Source of classification or shelving scheme | Dewey Decimal Classification |
| Koha item type | Books |
| Lost status | Source of classification or shelving scheme | Damaged status | Not for loan | Collection code | Permanent Location | Current Location | Shelving location | Date acquired | Source of acquisition | Total Checkouts | Full call number | Date last seen | Copy number | Koha item type | Cost, normal purchase price |
|---|---|---|---|---|---|---|---|---|---|---|---|---|---|---|---|
| Dewey Decimal Classification | Non-fiction | Central Library, University of Rajshahi | Central Library, University of Rajshahi | 08/04/1967 | U.S.A. | 658.542 MUM 1960 | 23/09/2019 | C-2 | Books | ||||||
| Dewey Decimal Classification | Not For Loan | Non-fiction | Central Library, University of Rajshahi | Central Library, University of Rajshahi | Reading Room | 01/01/1965 | U.S.A. | 658.542 MUM 1960 | 23/09/2019 | C-1 | Books | 76.00 | |||
| Dewey Decimal Classification | Non-fiction | Central Library, University of Rajshahi | Central Library, University of Rajshahi | 08/09/1967 | U.S.A. | 658.542 MUM 1960 | 23/09/2019 | C-3 | Books | ||||||
| Dewey Decimal Classification | Non-fiction | Central Library, University of Rajshahi | Central Library, University of Rajshahi | 06/01/1976 | zeitlinger | 658.542 MUM 1960 | 23/09/2019 | C-5 | Books | 76.00 | |||||
| Dewey Decimal Classification | Non-fiction | Central Library, University of Rajshahi | Central Library, University of Rajshahi | 06/01/1965 | zeitlinger | 658.542 MUM 1960 | 23/09/2019 | C-6 | Books | 76.00 | |||||
| Dewey Decimal Classification | Non-fiction | Central Library, University of Rajshahi | Central Library, University of Rajshahi | 06/01/1965 | zeitlinger | 658.542 MUM 1960 | 23/09/2019 | C-7 | Books | ||||||
| Dewey Decimal Classification | Non-fiction | Central Library, University of Rajshahi | Central Library, University of Rajshahi | 08/04/1967 | U.S.A. | 658.542 MUM 1960 | 23/09/2019 | C-8 | Books | ||||||
| Dewey Decimal Classification | Non-fiction | Central Library, University of Rajshahi | Central Library, University of Rajshahi | 08/09/1967 | U.S.A. | 658.542 MUM 1960 | 23/09/2019 | C-4 | Books | ||||||
| Dewey Decimal Classification | Non-fiction | Central Library, University of Rajshahi | Central Library, University of Rajshahi | 08/09/1967 | U.S.A. | 658.542 MUM 1960 | 23/09/2019 | C-9 | Books | ||||||
| Dewey Decimal Classification | Non-fiction | Central Library, University of Rajshahi | Central Library, University of Rajshahi | 08/09/1967 | U.S.A. | 658.542 MUM 1960 | 23/09/2019 | C-10 | Books |